| 000 | 00419nam a22001697a 4500 | ||
|---|---|---|---|
| 003 | OSt | ||
| 005 | 20150420135617.0 | ||
| 008 | 130626s2013 sp ||||| |||| 00| 0 spa d | ||
| 020 | _a9788439726975 | ||
| 040 |
_cCDMR _bcat |
||
| 245 | 0 | 3 | _aEl libro rojo de Mongolia |
| 260 |
_aBarcelona _bReservoir Books _c2013 |
||
| 300 |
_a319 p. _bil. |
||
| 650 | 0 | 4 |
_92614 _aHumorisme |
| 650 | 0 | 4 |
_93246 _aEspanya _xPolĂtica |
| 942 | _cMON | ||
| 999 |
_c6532 _d6532 |
||